00526nam a2200181 a 450000100060000000300090000600800410001502000150005604000280007108200190009910000380011824500550015626000230021130000160023465000310025065000400028165000230032122676CO-ViMGA141112s2004 ck r 000 u spa d a9586903370 aCO-ViMGAbspacCO-ViMGA04a331.2162 R637s1 aRodríguez Ortega, Julio Armando10aEl Salario / cJulio Armando Rodríguez Ortega aColombia : bLeyer aXXI, 440 p.14aDERECHO LABORAL - COLOMBIA14aSALARIOS - LEGISLACION - COLOMBIA 14aSALARIOS - NORMAS